00432nam a2200133Ia 4500100002100000942000700021654001600028245003900044260003300083082002100116546001200137999001700149952013200166 aHarper/ Sampson  cBK aElectronics aElectronics materials & Processes bMc Graw HillaNew Yorkc1993 a621.381bHAR/SAM aENGLISH c26467d26467 001040708CRCaCRCEbCRCEd2023-03-17eglobal booksg903.06i29l0o621.381 HAR/SAMp8232r2023-03-17v903.06w2023-03-17yBK